مستقبل التكامل المصري السوداني في ظل الأوضاع والتحديات الراهنة : (Record no. 15759)
[ view plain ]
| 000 -الفاتح | |
|---|---|
| حقل البيانات ثابتة الطول | 01480nam a22001697a 4500 |
| 008 - عناصر البيانات ثابتة الطول - معلومات عامة | |
| حقل البيانات ثابتة الطول | 110728s2007 ua|||||r|||| 00| 0 ara d |
| 082 ## - رقم تصنيف ديوى العشرى | |
| رقم الطبعة | 22 |
| رقم التصنيف | 382.09620625 |
| رقم المادة | م س ت |
| 111 ## - المدخل الرئيسى - اسم مؤتمر | |
| 9 (RLIN) | 26483 |
| اسم المؤتمر أو اسم السلطة كمدخل | مستقبل التكامل المصري السوداني في ظل الأوضاع والتحديات الراهنة |
| موقع المؤتمر | معهد البحوث و الدراسات الأفريقية، جامعة القاهرة |
| تاريخ الاجتماع | الأحد - الإثنين 29-30 أكتوبر2007 |
| 245 ## - بيان العنوان | |
| العنوان | مستقبل التكامل المصري السوداني في ظل الأوضاع والتحديات الراهنة : |
| بقية العنوان | أعمال المؤتمر الذي نظمه مركز البحوث الأفريقية بالتعاون مع حزب المؤتمر الوطني السوداني بقاعة المؤتمرات الكبرى بمعهد البحوث والدراسات الأفريقية جامعة القاهرة. الأحد -الاثنين 29-30 أكتوبر 2006 / |
| بيان المسئوليه,etc | جامعة القاهرة |
| 260 ## - PUBLICATION, DISTRIBUTION, ETC. (IMPRINT) | |
| مكان الناشر او الموزع | القاهرة : |
| اسم الناشر او الموزع | 2007، الجامعة |
| تاريخ النشر أو التوزيع | 2007 |
| 300 ## - الوصف المادى | |
| التعداد | 611 ص ؛ |
| أبعاد الوعاء | 22 سم |
| 504 ## - تبصرة ببليوجرافية | |
| تبصرة ببليوجرافية,الخ | يشتمل على إرجاعات ببليوجرافية ص 606-611 |
| 651 ## - المدخل الاضافى بالموضوع - اسم جغرافى | |
| 9 (RLIN) | 26486 |
| الاسم الجغرافي | مصر |
| التقسيم الفرعي العام | العلاقات الاقتصادية |
| التقسيم الفرعي الجغرافي | السودان |
| 700 ## - المدخل الاضافى - اسم شخصى | |
| 9 (RLIN) | 26485 |
| الإسم الشخصى | أبو العينين ، محمود |
| الدور | تحرير |
| 942 ## - عناصر المدخل الإضافي( كوها) | |
| مصدر التصنيف او مخطط الترفيف | Dewey Decimal Classification |
| Koha [default] item type | Book - Borrowing |
| حالة التراجع | حالة الفقد | مصدر التصنيف او خطة الترفيف | حالة تلف | ليس للاعارة | مجموعات كوها | المكان الدائم | المكان الحالي | موقع الترفيف | تاريخ الاكتساب | Source of acquisition | رقم الاستدعاء | الباركود | Date last seen | نوع الوعاء |
|---|---|---|---|---|---|---|---|---|---|---|---|---|---|---|
| Dewey Decimal Classification | Alahram | Central Library | Central Library | First floor | 28/07/2011 | 382.09620625 م س ت | 000024474 | 15/07/2025 | Book - Borrowing |